书目信息 |
| 题名: |
多元理想插值的离散化
|
|
| 作者: | 姜雪 著 | |
| 分册: | ||
| 出版信息: | 重庆 重庆大学出版社 2022.01 |
|
| 页数: | 82页 | |
| 开本: | 24cm | |
| 丛书名: | ||
| 单 册: | ||
| 中图分类: | O174.42 | |
| 科图分类: | ||
| 主题词: | 插值多项式--cha zhi duo xiang shi--离散化 | |
| 电子资源: | ||
| ISBN: | 978-7-5689-3058-1 | |
| 000 | 01073nam0 2200241 450 | |
| 001 | 26249 | |
| 005 | 20220920083617.82 | |
| 010 | @a978-7-5689-3058-1@dCNY48.00 | |
| 100 | @a20220424d2022 em y0chiy50 ea | |
| 101 | 0 | @achi |
| 102 | @aCN@b500000 | |
| 105 | @ay a 000yy | |
| 200 | 1 | @a多元理想插值的离散化@Aduo yuan li xiang cha zhi de li san hua@f姜雪著 |
| 210 | @a重庆@c重庆大学出版社@d2022.01 | |
| 215 | @a82页@d24cm | |
| 300 | @a国家自然科学基金 沈阳师范大学学术文库资助 | |
| 320 | @a有书目 (第75-82页) | |
| 330 | @a本书将着重介绍一类重要的多元多项式插值问题, 即所谓的理想插值, 它是Hermite插值的推广, 实际问题中涉及的插值多数也以理想插值的形式呈现。作者利用代数几何工具并结合微分闭子空间的结构分析, 深入探讨理想投影算子与Lagrange投影算子之间的关系 ; 针对给定的Hermite型理想插值问题, 考虑如何判断其是否为Lagrange插值问题的极限, 并在可离散的情况下构造相应Lagrange插值列。 | |
| 606 | 0 | @a插值多项式@Acha zhi duo xiang shi@x离散化 |
| 690 | @aO174.42@v5 | |
| 701 | 0 | @a姜雪@Ajiang xue@4著 |
| 801 | 0 | @aCN@c20220910 |
| 905 | @a河南城建学院图书馆@dO174.42@eJ531@f2 | |
| 多元理想插值的离散化/姜雪著.-重庆:重庆大学出版社,2022.01 |
| 82页;24cm |
| 国家自然科学基金 沈阳师范大学学术文库资助 |
| ISBN 978-7-5689-3058-1:CNY48.00 |
| 本书将着重介绍一类重要的多元多项式插值问题, 即所谓的理想插值, 它是Hermite插值的推广, 实际问题中涉及的插值多数也以理想插值的形式呈现。作者利用代数几何工具并结合微分闭子空间的结构分析, 深入探讨理想投影算子与Lagrange投影算子之间的关系 ; 针对给定的Hermite型理想插值问题, 考虑如何判断其是否为Lagrange插值问题的极限, 并在可离散的情况下构造相应Lagrange插值列。 |
| ● |
| 相关链接 |
|
|
|
正题名:多元理想插值的离散化
索取号:O174.42/J531
 
预约/预借
| 序号 | 登录号 | 条形码 | 馆藏地/架位号 | 状态 | 备注 |
| 1 | 1577159 | 215771591 | 自科库401/401自科库 44排6列4层/ [索取号:O174.42/J531] | 在馆 | |
| 2 | 1577160 | 215771608 | 自科库401/401自科库 44排6列4层/ [索取号:O174.42/J531] | 在馆 |